[Event "Reykjavik Open 2024"]
[Site "Reykjavik ISL"]
[Date "2024.03.18"]
[Round "5.111"]
[White "Rittmann, Dirk"]
[Black "Dhruv Rattan"]
[Result "1/2-1/2"]
[WhiteElo "2103"]
[BlackElo "1831"]
[WhiteFideId "4629574"]
[BlackFideId "45007993"]
[EventDate "2024.03.15"]

1. e4 e5 2. Nf3 Nc6 3. Bb5 a6 4. Ba4 Nf6 5. O-O b5 6. Bb3 Bc5 7. d3 d6 8. c3 h6
9. a4 Rb8 10. axb5 axb5 11. Qe2 O-O 12. Be3 Bxe3 13. fxe3 Ne7 14. Nbd2 Ng6 15.
h3 c5 16. Ra2 Qb6 17. Kh2 Bb7 18. Qf2 c4 19. dxc4 b4 20. cxb4 Qxb4 21. Bc2 Ra8
22. Rfa1 Rxa2 23. Rxa2 Ra8 24. Rxa8+ Bxa8 25. b3 Qc3 26. Bb1 Nd7 27. Ne1 Nc5 28.
Bc2 Nf8 29. Qe2 Qb2 30. Qd1 Qc3 31. Qe2 Nfd7 32. Nb1 Qa1 33. Nd2 Qb2 34. Qd1 Qc3
35. Qe2 Nf6 36. Qf2 Bb7 37. Qe2 Nfxe4 38. Nxe4 Nxe4 39. Nd3 h5 40. Nf2 Nc5 41.
Nd1 Qa5 42. Qxh5 Qd2 43. Qh7+ Kf8 44. Qh8+ Ke7 45. Qh4+ f6 46. Qf2 Qb4 47. Qf5
Nxb3 48. Qg4 g5 49. h4 gxh4 50. Bf5 Nc5 51. Qg7+ Kd8 52. Qxf6+ Kc7 53. Qe7+ Kc6
54. Qxh4 Qd2 55. Nf2 Qxe3 56. Ne4 Qd4 57. Qh7 Kb6 58. Nxc5 Qf4+ 59. Kg1 Qe3+ 60.
Kh2 Qf4+ 61. Kg1 Qd4+ 62. Kh2 Qf4+ 63. Kg1 Qd4+ 64. Kh2 1/2-1/2

[Event "Reykjavik Open 2024"]
[Site "Reykjavik ISL"]
[Date "2024.03.18"]
[Round "5.112"]
[White "Carr, Jay"]
[Black "Povah, Nigel E"]
[Result "0-1"]
[BlackTitle "IM"]
[WhiteElo "1826"]
[BlackElo "2202"]
[WhiteFideId "30922690"]
[BlackFideId "400467"]
[EventDate "2024.03.15"]

1. Nf3 d5 2. e3 Nf6 3. b3 Bg4 4. h3 Bxf3 5. Qxf3 c6 6. Bb2 Nbd7 7. d4 Ne4 8. Bd3
Ndf6 9. Qe2 e6 10. O-O Bd6 11. Nd2 Nxd2 12. Qxd2 Qe7 13. Rac1 O-O 14. c4 a5 15.
Qc2 Rfd8 16. Rfe1 Bc7 17. e4 dxe4 18. Bxe4 Qd6 19. g3 h5 20. d5 exd5 21. c5 Qf8
22. Bxf6 gxf6 23. Bf5 Re8 24. Qc3 Re5 25. Qf3 Qh6 26. h4 Rae8 27. Kf1 Qd2 28.
Red1 Qh6 29. Rc2 Kf8 30. Kg2 Ke7 31. Rb2 Kf8 32. b4 a4 33. b5 Ba5 34. bxc6 bxc6
35. Bd7 Rd8 36. Bxc6 Rc8 37. Rxd5 Rxc6 38. Rxe5 fxe5 39. Rb8+ Kg7 40. Qe4 Rxc5
41. Qxa4 Qc6+ 42. Qxc6 Rxc6 43. Rb5 Bc3 44. f4 f6 45. Kf3 Kg6 46. Rb8 Bd4 47.
Ke4 f5+ 48. Kd5 Rc5+ 49. Ke6 e4 50. Rd8 e3 51. Rxd4 e2 52. Kd6 Ra5 0-1

[Event "Reykjavik Open 2024"]
[Site "Reykjavik ISL"]
[Date "2024.03.18"]
[Round "5.113"]
[White "Nicholson, Devin"]
[Black "Gramb, Marius"]
[Result "0-1"]
[WhiteElo "1822"]
[BlackElo "2142"]
[WhiteFideId "2645394"]
[BlackFideId "24656593"]
[EventDate "2024.03.15"]

1. e4 e5 2. Nf3 Nc6 3. Bc4 Nf6 4. d3 h6 5. O-O d6 6. Nc3 g5 7. d4 g4 8. dxe5
gxf3 9. exf6 Ne5 10. Bd3 Rg8 11. g3 c6 12. Bf4 Qxf6 13. Bxe5 dxe5 14. Re1 Bg4
15. Nb1 h5 16. Nd2 h4 17. Re3 hxg3 18. hxg3 Bc5 19. Rxf3 Bxf3 20. Qxf3 Qxf3 0-1

[Event "Reykjavik Open 2024"]
[Site "Reykjavik ISL"]
[Date "2024.03.18"]
[Round "5.114"]
[White "Fridjonsson, Julius"]
[Black "Geirsson, Kristjan"]
[Result "1-0"]
[WhiteElo "2070"]
[BlackElo "1819"]
[WhiteFideId "2300842"]
[BlackFideId "2313596"]
[EventDate "2024.03.15"]

1. c4 Nf6 2. Nc3 e5 3. g3 d5 4. cxd5 Nxd5 5. Bg2 Nb6 6. Nf3 Nc6 7. O-O Be7 8. b3
Bf5 9. d3 O-O 10. Bb2 Re8 11. Rc1 Qd7 12. Re1 Rad8 13. Nd2 Bh3 14. Bh1 f5 15.
Nc4 Bg5 16. Rb1 Nxc4 17. bxc4 e4 18. Nd5 Ne5 19. Bxe5 Rxe5 20. Rxb7 exd3 21.
Qxd3 Qd6 22. f4 Qc5+ 23. e3 Ree8 24. fxg5 c6 25. Qc3 Qf8 1-0

[Event "Reykjavik Open 2024"]
[Site "Reykjavik ISL"]
[Date "2024.03.18"]
[Round "5.115"]
[White "Erlbeck, Peter"]
[Black "Vega, Isaac"]
[Result "1/2-1/2"]
[WhiteElo "2014"]
[BlackElo "1818"]
[WhiteFideId "4642910"]
[BlackFideId "30914035"]
[EventDate "2024.03.15"]

1. e4 c5 2. Nc3 e6 3. f4 d5 4. Nf3 Nc6 5. Bb5 Ne7 6. Qe2 d4 7. Nd1 a6 8. Bxc6+
Nxc6 9. d3 Be7 10. O-O O-O 11. Nf2 b5 12. g4 f5 13. Bd2 Qe8 14. Kh1 Qf7 15. Rg1
Bb7 16. Rg3 Rae8 17. Rag1 fxe4 18. Nxe4 e5 19. f5 Qxa2 20. Bg5 c4 21. Bxe7 cxd3
22. cxd3 Rxe7 23. Rc1 Nb4 24. Nd6 Bxf3+ 25. Rxf3 Nd5 26. g5 Nf4 27. Rxf4 Qd5+
28. Qe4 Qxd6 29. Rh4 Rd7 30. Rc6 Qd5 31. Qxd5+ Rxd5 32. f6 Rfd8 33. Rxa6 R5d6
34. Ra7 R8d7 35. Ra8+ Rd8 36. Ra7 R8d7 37. Ra8+ Rd8 38. Ra7 R8d7 1/2-1/2

[Event "Reykjavik Open 2024"]
[Site "Reykjavik ISL"]
[Date "2024.03.18"]
[Round "5.116"]
[White "Andersen, Lars Christoff"]
[Black "Stuhr, Finn"]
[Result "1-0"]
[WhiteElo "1993"]
[BlackElo "1814"]
[WhiteFideId "1412760"]
[BlackFideId "1400789"]
[EventDate "2024.03.15"]

1. c4 b6 2. Nc3 Bb7 3. Nf3 e6 4. g3 Nf6 5. Bg2 Be7 6. O-O O-O 7. d4 d6 8. Qc2
Nbd7 9. e4 d5 10. exd5 exd5 11. Ne5 c6 12. cxd5 cxd5 13. Bf4 Rc8 14. Qa4 Nxe5
15. dxe5 Bc6 16. Qb3 Nh5 17. Nxd5 Bxd5 18. Bxd5 Nxf4 19. gxf4 Kh8 20. Rad1 Qd7
21. Qf3 Qf5 22. Be4 Qe6 23. Rd5 Rc5 24. f5 Qc8 25. f6 gxf6 26. exf6 Rg8+ 27. Kh1
Bf8 28. Qh5 h6 29. Qxf7 Rc7 30. Qh5 Qe6 31. Qf5 Qf7 32. Rfd1 Rg5 33. Qf3 Rc5 34.
Rd7 Qxd7 35. Rxd7 Rc1+ 36. Rd1 Rc7 37. h4 Rf5 38. Bxf5 Re7 39. fxe7 b5 40.
exf8=Q# 1-0

[Event "Reykjavik Open 2024"]
[Site "Reykjavik ISL"]
[Date "2024.03.18"]
[Round "5.117"]
[White "Haraldsson, Haraldur"]
[Black "Arun, Nitish"]
[Result "0-1"]
[WhiteElo "1991"]
[BlackElo "1808"]
[WhiteFideId "2311100"]
[BlackFideId "2524201"]
[EventDate "2024.03.15"]

1. d4 e6 2. c4 d5 3. Nc3 Nf6 4. Nf3 Be7 5. Bf4 c6 6. e3 Nbd7 7. Rc1 O-O 8. Bd3
dxc4 9. Bxc4 b5 10. Bd3 Bb7 11. O-O a6 12. Ne4 Nxe4 13. Bxe4 Rc8 14. Ne5 Nxe5
15. Bxe5 Bd6 16. f4 f6 17. Qh5 f5 18. Bf3 Bxe5 19. fxe5 Qe7 20. Rc5 Rc7 21. g3
Rfc8 22. Rfc1 g6 23. Qh6 Qg7 24. Qh3 Qe7 25. Qg2 Qd7 26. h4 Kg7 27. Qd2 Kf8 28.
Qc3 Ke8 29. d5 exd5 30. Bxd5 Kd8 31. Bb3 Ke8 32. e6 Qg7 33. Kf2 Qxc3 34. R1xc3
Ke7 35. e4 fxe4 36. Ke3 Rd8 37. Kxe4 Bc8 38. Rf3 Bxe6 39. Re5 Rd6 40. g4 c5 41.
Bxe6 Rxe6 42. Rxe6+ Kxe6 43. Rf8 Rd7 44. h5 gxh5 45. gxh5 Rd4+ 46. Ke3 Rh4 47.
Ra8 Rxh5 48. Rxa6+ Kd5 49. Ra8 Kc4 50. Kd2 Rh2+ 51. Kc1 b4 52. Rd8 Rg2 0-1

[Event "Reykjavik Open 2024"]
[Site "Reykjavik ISL"]
[Date "2024.03.18"]
[Round "5.118"]
[White "Petersen, Elias"]
[Black "Pollack, Oscar"]
[Result "1/2-1/2"]
[WhiteElo "1808"]
[BlackElo "2092"]
[WhiteFideId "7202725"]
[BlackFideId "429414"]
[EventDate "2024.03.15"]

1. c4 g6 2. Nc3 Bg7 3. d4 Nf6 4. e4 d6 5. Be2 O-O 6. Nf3 e5 7. O-O Na6 8. a3 c6
9. h3 exd4 10. Nxd4 Re8 11. Bf3 Nc5 12. Re1 Nfd7 13. Nb3 Qf6 14. Nxc5 dxc5 15.
Be3 Ne5 16. Be2 Be6 17. Qc1 Bxc4 18. f4 Nd3 19. Bxd3 Bxd3 20. Bxc5 b6 21. Bf2
Qe6 22. e5 f6 23. exf6 Qxf6 24. Qd2 Red8 25. Qe3 Qf7 26. Qf3 Rd6 27. Re3 Rad8
28. Rae1 Bf6 29. g4 Qc4 30. Ne4 Bxe4 31. Rxe4 Qd5 32. Qe2 Qf7 33. g5 Bd4 34.
Bxd4 Rxd4 35. Re7 Qf5 36. Re8+ Rxe8 37. Qxe8+ Qf8 38. Qxc6 Rxf4 39. Re8 Rf1+ 40.
Kg2 Rf2+ 41. Kg3 1/2-1/2

[Event "Reykjavik Open 2024"]
[Site "Reykjavik ISL"]
[Date "2024.03.18"]
[Round "5.119"]
[White "Kononova, Alina"]
[Black "Nolsoe, Rani"]
[Result "1/2-1/2"]
[WhiteElo "1807"]
[BlackElo "1986"]
[WhiteFideId "14137593"]
[BlackFideId "7200064"]
[EventDate "2024.03.15"]

1. e4 d6 2. d4 Nf6 3. Nc3 g6 4. Nf3 Bg7 5. h3 O-O 6. Be3 Nbd7 7. e5 Ne8 8. Qd2
Nb6 9. Bh6 dxe5 10. Bxg7 Nxg7 11. Nxe5 c6 12. O-O-O Be6 13. g4 f6 14. Nf3 Qc7
15. Bd3 Bc4 16. Qe2 Bxd3 17. Rxd3 Rae8 18. Rhd1 e6 19. Re3 Nd5 20. Nxd5 exd5 21.
Re1 Qf4 22. Qd2 Rxe3 23. Qxe3 Qxe3+ 24. Rxe3 g5 25. Kd2 Re8 26. Ng1 Kf7 27. Ne2
Rxe3 28. Kxe3 Ke6 29. f4 h6 30. f5+ Kd7 31. Ng3 Ne8 32. Kd3 Nd6 33. b3 b5 34. a3
a5 35. Ke3 Ke7 36. Nf1 Ne4 37. Nd2 Nxd2 38. Kxd2 Kd6 39. b4 axb4 40. axb4 1/2-1/2

[Event "Reykjavik Open 2024"]
[Site "Reykjavik ISL"]
[Date "2024.03.18"]
[Round "5.120"]
[White "Omarsson, Adam"]
[Black "Rajendran, Ishaan"]
[Result "1-0"]
[WhiteElo "1976"]
[BlackElo "1806"]
[WhiteFideId "2311453"]
[BlackFideId "39910032"]
[EventDate "2024.03.15"]

1. d4 d5 2. c4 c6 3. Nf3 Nf6 4. Nc3 e6 5. Bg5 Nbd7 6. e3 Qa5 7. cxd5 Nxd5 8. Rc1
Bb4 9. Qd2 h6 10. Bh4 N7b6 11. e4 Nxc3 12. bxc3 Ba3 13. Rc2 Na4 14. Ne5 O-O 15.
Be2 Qc7 16. Nc4 Be7 17. Bg3 Qd8 18. O-O b5 19. Ne5 Bb7 20. c4 c5 21. d5 Nb6 22.
Rd1 exd5 23. cxd5 c4 24. Qa5 Nd7 25. Qxb5 Nxe5 26. Bxe5 Qb6 27. Bxc4 Rfc8 28.
Rb2 Rc5 29. Qa4 Qg6 30. Rxb7 Qxe4 31. Bd4 Re8 32. Qxe8+ 1-0

[Event "Reykjavik Open 2024"]
[Site "Reykjavik ISL"]
[Date "2024.03.18"]
[Round "5.121"]
[White "Heppert, Lars"]
[Black "Mercure, Gilbert"]
[Result "1-0"]
[WhiteElo "1981"]
[BlackElo "1804"]
[WhiteFideId "24668575"]
[BlackFideId "2629585"]
[EventDate "2024.03.15"]

1. Nf3 Nc6 2. d4 d5 3. g3 Bg4 4. Bg2 f6 5. c4 e6 6. cxd5 exd5 7. O-O Bd6 8. Nc3
Nce7 9. e4 dxe4 10. Nxe4 Ng6 11. Re1 N8e7 12. Qb3 Qd7 13. Nxd6+ cxd6 14. Nd2
O-O-O 15. Ne4 Kb8 16. Nxd6 Nc6 17. Nxb7 Qxb7 18. Bxc6 Qxb3 19. axb3 Bc8 20. d5
a6 21. Ra4 Rd6 22. f4 Rxc6 23. dxc6 Kc7 24. Rc4 Rd8 25. Rc5 Rd3 26. b4 Rd4 27.
h4 Rxb4 28. h5 Nf8 29. Rc3 Ne6 30. f5 Nd4 31. Bf4+ Kd8 32. c7+ Kd7 33. Rd1 Ke7
34. Re3+ Kf7 35. Bd6 Nxf5 36. Bxb4 Nxe3 37. Rd8 1-0

[Event "Reykjavik Open 2024"]
[Site "Reykjavik ISL"]
[Date "2024.03.18"]
[Round "5.122"]
[White "Ragnarsson, Johann"]
[Black "Jelsma, Remco"]
[Result "0-1"]
[WhiteElo "1948"]
[BlackElo "1802"]
[WhiteFideId "2301040"]
[BlackFideId "1085778"]
[EventDate "2024.03.15"]

1. d4 Nf6 2. c4 e6 3. Nc3 Bb4 4. a3 Bxc3+ 5. bxc3 b6 6. f3 Ba6 7. e4 Nc6 8. Bd3
Na5 9. Qe2 c5 10. d5 d6 11. Bg5 h6 12. Bh4 g5 13. Bf2 Qd7 14. Nh3 Qa4 15. e5 Nd7
16. dxe6 fxe6 17. exd6 Bxc4 18. Qe4 O-O-O 19. O-O Qb5 20. Rfb1 Qa6 21. Qa8+ Nb8
22. Bxc4 Nxc4 23. Qe4 Rxd6 24. Bg3 e5 25. Bxe5 Re6 26. Qf5 Re8 27. Re1 Nd7 28.
Bg3 Rxe1+ 29. Rxe1 Rxe1+ 30. Bxe1 Ne3 0-1

[Event "Reykjavik Open 2024"]
[Site "Reykjavik ISL"]
[Date "2024.03.18"]
[Round "5.123"]
[White "Hauksson, Helgi"]
[Black "Stark, John"]
[Result "0-1"]
[BlackTitle "CM"]
[WhiteElo "1790"]
[BlackElo "1947"]
[WhiteFideId "2305593"]
[BlackFideId "4300963"]
[EventDate "2024.03.15"]

1. e4 c6 2. d4 d5 3. exd5 cxd5 4. c4 Nf6 5. Nc3 e6 6. Nf3 a6 7. cxd5 Nxd5 8. Bd3
Be7 9. O-O O-O 10. Ne4 Nc6 11. Neg5 g6 12. h4 b5 13. h5 Nxd4 14. hxg6 Nxf3+ 15.
Qxf3 Bxg5 16. gxh7+ Kh8 17. a4 b4 18. Rd1 Bb7 19. Be4 f5 20. Bc2 Rc8 21. Bb3
Rxc1 22. Raxc1 Bxc1 23. Rxc1 Qg5 24. Qd1 Kxh7 25. Bxd5 Bxd5 26. Rc7+ Kg6 27. f3
Qe3+ 28. Kh2 Rh8+ 29. Kg3 f4+ 30. Kg4 Rh4+ 0-1

[Event "Reykjavik Open 2024"]
[Site "Reykjavik ISL"]
[Date "2024.03.18"]
[Round "5.124"]
[White "Madsen, Jens Ingemann"]
[Black "Wedenberg, Oliver"]
[Result "0-1"]
[WhiteElo "1945"]
[BlackElo "1780"]
[WhiteFideId "1434993"]
[BlackFideId "1767909"]
[EventDate "2024.03.15"]

1. e4 c5 2. Nf3 Nc6 3. d4 cxd4 4. Nxd4 e5 5. Nb5 d6 6. N5c3 a6 7. Na3 b5 8. Nd5
Nge7 9. Be3 Nxd5 10. exd5 Ne7 11. c4 g6 12. cxb5 Bg7 13. Bc4 O-O 14. O-O f5 15.
Bg5 f4 16. Bxe7 Qxe7 17. f3 g5 18. Qe2 h5 19. bxa6 g4 20. Kh1 Qh4 21. Rae1 e4
22. Nc2 Be5 23. Qf2 g3 24. Qg1 exf3 25. gxf3 Bh3 26. Rf2 Kh8 27. Rg2 Bxg2+ 28.
Qxg2 Bxb2 29. Re4 Be5 30. Qxg3 fxg3 31. Rxh4 gxh2 32. Rxh5+ Kg7 33. Ne1 Rac8 34.
Rh4 Bf4 35. Rg4+ Kh6 36. Bd3 Rc1 37. Rg6+ Kh5 38. Kg2 Rxe1 0-1

[Event "Reykjavik Open 2024"]
[Site "Reykjavik ISL"]
[Date "2024.03.18"]
[Round "5.125"]
[White "Koletzko, Leon"]
[Black "Javet, Blaise"]
[Result "0-1"]
[WhiteElo "1777"]
[BlackElo "1942"]
[WhiteFideId "34644334"]
[BlackFideId "1305026"]
[EventDate "2024.03.15"]

1. e4 c5 2. Nf3 d6 3. Bc4 a6 4. c3 e6 5. Qe2 b5 6. Bb3 Bb7 7. d4 Nf6 8. e5 dxe5
9. dxe5 Nd5 10. Qe4 c4 11. Bc2 Nb4 12. Qe2 Nxc2+ 13. Qxc2 Nd7 14. Bf4 Nc5 15.
O-O Nd3 16. Bg3 Bxf3 17. gxf3 h5 18. h3 h4 19. Bh2 Bc5 20. Nd2 Qg5+ 21. Kh1 Qf5
22. Qd1 Qxh3 23. Ne4 Be7 24. Qe2 Nf4 25. Nf6+ gxf6 26. Qe4 Qg2# 0-1

[Event "Reykjavik Open 2024"]
[Site "Reykjavik ISL"]
[Date "2024.03.18"]
[Round "5.126"]
[White "Osorio Ferrer, Roberto Eduardo"]
[Black "Honey, Luke Anthony"]
[Result "0-1"]
[WhiteElo "1776"]
[BlackElo "1939"]
[WhiteFideId "3964612"]
[BlackFideId "343403425"]
[EventDate "2024.03.15"]

1. e4 c6 2. Nc3 d5 3. Qf3 dxe4 4. Nxe4 Nd7 5. d4 Ndf6 6. c3 Nxe4 7. Qxe4 Nf6 8.
Qh4 Bf5 9. Nf3 e6 10. Bc4 Be7 11. Bg5 O-O 12. O-O h6 13. Bxf6 Bxf6 14. Qg3 a5
15. a4 Qb6 16. b3 c5 17. Rad1 Rfd8 18. Qf4 Rac8 19. Ne5 Qc7 20. Qe3 Rd6 21. Rd2
Rcd8 22. Rfd1 b6 23. h3 Bg5 24. f4 Be7 25. d5 Bf6 26. Nc6 0-1

[Event "Reykjavik Open 2024"]
[Site "Reykjavik ISL"]
[Date "2024.03.18"]
[Round "5.127"]
[White "Mistilioglou, Athanasios"]
[Black "Slikker, Willem"]
[Result "0-1"]
[WhiteElo "1772"]
[BlackElo "1936"]
[WhiteFideId "25855344"]
[BlackFideId "1081330"]
[EventDate "2024.03.15"]

1. c4 c5 2. Nf3 Nf6 3. Nc3 Nc6 4. d4 cxd4 5. Nxd4 e5 6. Ndb5 d6 7. Bg5 a6 8. Na3
Be6 9. e3 Be7 10. Bxf6 Bxf6 11. Be2 O-O 12. Bf3 Qa5 13. O-O e4 14. Bxe4 Bxc3 15.
Qb3 Bf6 16. Qxb7 Nb4 0-1

[Event "Reykjavik Open 2024"]
[Site "Reykjavik ISL"]
[Date "2024.03.18"]
[Round "5.128"]
[White "Becke, Wolf"]
[Black "Brade, Henry"]
[Result "1/2-1/2"]
[WhiteElo "1928"]
[BlackElo "1771"]
[WhiteFideId "16203038"]
[BlackFideId "519456"]
[EventDate "2024.03.15"]

1. c4 e6 2. Nc3 Nf6 3. g3 d5 4. cxd5 exd5 5. d4 c5 6. Nf3 cxd4 7. Nxd4 Nc6 8.
Bg2 h6 9. O-O Bb4 10. Ncb5 O-O 11. a3 Be7 12. Bf4 Be6 13. Nc7 Nxd4 14. Qxd4 Rc8
15. Nxe6 fxe6 16. Rac1 Qa5 17. Bh3 Kf7 18. Qe5 Qb6 19. Be3 Qa6 20. Rc7 Rxc7 21.
Qxc7 Qxe2 22. Qxb7 Ne4 23. Qxa7 Qxb2 24. Qd7 Qf6 25. Rd1 Nc3 26. Rd2 Rd8 27. Qa7
d4 28. f4 dxe3 29. Rxd8 e2 30. Kf2 Kg6 31. Rc8 Nd5 32. Rc2 Bd8 33. Kxe2 Bb6 34.
Qd7 Nc3+ 35. Kf3 e5 36. Rxc3 1/2-1/2

[Event "Reykjavik Open 2024"]
[Site "Reykjavik ISL"]
[Date "2024.03.18"]
[Round "5.129"]
[White "Rogge, Marloes"]
[Black "Bjarnason, Kristinn"]
[Result "0-1"]
[WhiteElo "1762"]
[BlackElo "1934"]
[WhiteFideId "1066404"]
[BlackFideId "2323028"]
[EventDate "2024.03.15"]

1. e4 c6 2. d4 d5 3. e5 c5 4. dxc5 Nc6 5. Nf3 e6 6. Nbd2 Qc7 7. Bb5 Bxc5 8.
Bxc6+ bxc6 9. Nb3 Bb6 10. O-O Ne7 11. c3 O-O 12. Bf4 c5 13. Rc1 Ba6 14. Re1 Nf5
15. Qd2 Rac8 16. g4 Ne7 17. h4 Bb7 18. h5 d4 19. Kg2 Qc6 20. Qd1 dxc3 21. Rxc3
Rfd8 22. Qe2 Nd5 23. Be3 Nxc3 24. bxc3 Qe4 25. Kg3 f5 26. exf6 Bc7+ 27. Ne5
Qxe5+ 28. f4 Qxc3 29. fxg7 0-1

[Event "Reykjavik Open 2024"]
[Site "Reykjavik ISL"]
[Date "2024.03.18"]
[Round "5.130"]
[White "Hill, Andy"]
[Black "Tan, Chong Hien Andrew"]
[Result "1/2-1/2"]
[WhiteElo "1926"]
[BlackElo "1762"]
[WhiteFideId "499927"]
[BlackFideId "5807794"]
[EventDate "2024.03.15"]

1. Nf3 Nf6 2. c4 c5 3. Nc3 Nc6 4. e3 e6 5. d4 d5 6. cxd5 Nxd5 7. Bd3 Be7 8. a3
cxd4 9. exd4 O-O 10. O-O Bf6 11. Re1 Nce7 12. Ne4 b6 13. Nxf6+ Nxf6 14. Bg5 Ned5
15. Qd2 Bb7 16. Rad1 Qd6 17. Ne5 Rac8 18. Qe2 h6 19. Bd2 Rc7 20. Bb1 Rfc8 21.
Qd3 Ne7 22. Qh3 Qd5 23. Ng4 Nxg4 24. Qxg4 Nf5 25. Bf4 Rd7 26. Be5 g6 27. f3 Qb3
28. Bxf5 exf5 29. Qh4 Kh7 30. Bf4 g5 31. Bxg5 Rc6 32. Bc1 Rg6 33. Qf4 Bxf3 34.
Rd2 Be4 35. Re3 Qd5 36. Rg3 Rdd6 37. Qe5 Rc6 38. Rd1 Qxe5 39. dxe5 Rxg3 40. hxg3
Rc2 41. Bf4 Rxg2+ 42. Kf1 Rxb2 43. Rd7 Kg6 44. Rxa7 Bd5 1/2-1/2

[Event "Reykjavik Open 2024"]
[Site "Reykjavik ISL"]
[Date "2024.03.18"]
[Round "5.131"]
[White "Johannsson, Markus Orri"]
[Black "Speck, Stefan"]
[Result "1/2-1/2"]
[WhiteElo "1758"]
[BlackElo "1921"]
[WhiteFideId "2318539"]
[BlackFideId "4639219"]
[EventDate "2024.03.15"]

1. e4 c5 2. Nf3 e6 3. d4 cxd4 4. Nxd4 Nc6 5. Nc3 Qc7 6. a3 Nf6 7. g3 a6 8. Bg2
h5 9. h3 Bc5 10. Nb3 Be7 11. Be3 Ne5 12. Nd2 d6 13. f4 Nc4 14. Nxc4 Qxc4 15. Qd3
Qxd3 16. cxd3 Nd7 17. d4 Bd8 18. O-O-O b5 19. e5 d5 20. g4 Nb6 21. b3 Bd7 22.
Bf3 Be7 23. Kb2 h4 24. f5 Rc8 25. fxe6 fxe6 26. Rc1 g5 27. Be2 O-O 28. Rhf1 Rxf1
29. Bxf1 Kg7 30. Bd3 Be8 31. Bd2 Bg6 32. Bxg6 Kxg6 33. Rf1 Nd7 34. a4 b4 35. Ne2
a5 36. Nc1 Kg7 37. Nd3 Kg6 1/2-1/2

[Event "Reykjavik Open 2024"]
[Site "Reykjavik ISL"]
[Date "2024.03.18"]
[Round "5.132"]
[White "Smits, Eduard"]
[Black "Banta, Robert Lance"]
[Result "1/2-1/2"]
[WhiteElo "1918"]
[BlackElo "1755"]
[WhiteFideId "1044184"]
[BlackFideId "39908682"]
[EventDate "2024.03.15"]

1. d4 Nf6 2. Nf3 d5 3. c4 c6 4. e3 Bf5 5. Nc3 e6 6. Nh4 Bg6 7. Nxg6 hxg6 8. Be2
Nbd7 9. Qc2 Be7 10. Bd2 Rc8 11. O-O-O dxc4 12. Bxc4 b5 13. Be2 a6 14. Kb1 Nd5
15. Nxd5 cxd5 16. Qb3 O-O 17. Rc1 Qb6 18. Bb4 Bd6 19. h4 Nf6 20. f3 Nh5 21. Rhd1
Ng3 22. Bd3 Rfd8 23. Bxd6 Qxd6 24. Rxc8 Rxc8 25. f4 Qe7 26. a4 Qxh4 1/2-1/2

[Event "Reykjavik Open 2024"]
[Site "Reykjavik ISL"]
[Date "2024.03.18"]
[Round "5.133"]
[White "Bernard, Christopher"]
[Black "Kaser, Nicolas"]
[Result "0-1"]
[WhiteElo "1728"]
[BlackElo "1919"]
[WhiteFideId "447447"]
[BlackFideId "1327739"]
[EventDate "2024.03.15"]

1. Nf3 c5 2. c4 Nc6 3. Nc3 g6 4. g3 Bg7 5. Bg2 d6 6. O-O e5 7. d3 f5 8. e3 Nf6
9. Rb1 O-O 10. a3 a5 11. Bd2 h6 12. Nd5 g5 13. Nxf6+ Qxf6 14. Bc3 Qf7 15. Qd2 f4
16. exf4 exf4 17. Bxg7 Qxg7 18. Qc3 g4 19. Qxg7+ Kxg7 20. Nd2 f3 21. Bh1 Bf5 22.
Ne4 Bxe4 23. dxe4 Rfe8 24. Rfe1 Re6 25. h3 h5 26. Rbd1 Nd4 27. b4 axb4 28. axb4
Nc2 29. Rf1 Nxb4 30. e5 Rxe5 31. Rxd6 Rae8 32. Rb6 R5e7 33. Rd1 Re1+ 34. Rxe1
Rxe1+ 35. Kh2 Nd3 36. Rxb7+ Kf6 37. Rb6+ Re6 38. Rb8 Kg7 39. Rd8 Nxf2 40. Rd5
Re2 41. hxg4 Nxg4+ 0-1

[Event "Reykjavik Open 2024"]
[Site "Reykjavik ISL"]
[Date "2024.03.18"]
[Round "5.135"]
[White "Beatty, Samuel"]
[Black "Van Meter, Lester"]
[Result "0-1"]
[BlackTitle "FM"]
[WhiteElo "1731"]
[BlackElo "1906"]
[WhiteFideId "1344390"]
[BlackFideId "2001691"]
[EventDate "2024.03.15"]

1. d4 c5 2. d5 Nf6 3. c4 e6 4. Nc3 exd5 5. cxd5 d6 6. e4 g6 7. h3 Bg7 8. Nf3 O-O
9. Bd3 Re8 10. O-O Nbd7 11. Nd2 a6 12. a4 Rb8 13. Re1 Ne5 14. Bf1 Nh5 15. Nf3
Qf6 16. Nxe5 Qxe5 17. Be2 Nf4 18. Bf3 b5 19. axb5 axb5 20. Ne2 Nxe2+ 21. Qxe2 c4
22. Rb1 f5 23. Qc2 Qd4 24. Be3 Qd3 25. Qc1 fxe4 26. Rd1 Qb3 27. Be2 Bf5 28. g4
Bd7 29. Bd3 0-1

[Event "Reykjavik Open 2024"]
[Site "Reykjavik ISL"]
[Date "2024.03.18"]
[Round "5.136"]
[White "Yazgi, Huseyin Yigit"]
[Black "Olsen, Rogvi Heinason"]
[Result "1-0"]
[WhiteElo "1905"]
[BlackElo "1710"]
[WhiteFideId "6307060"]
[BlackFideId "7204213"]
[EventDate "2024.03.15"]

1. e4 c6 2. d4 d5 3. exd5 cxd5 4. Bd3 Nc6 5. c3 g6 6. Bf4 Bg7 7. Nf3 Nf6 8. Nbd2
O-O 9. Ne5 Nxe5 10. Bxe5 Bd7 11. h3 Rc8 12. O-O Bf5 13. Bxf5 gxf5 14. Qf3 e6 15.
g4 Ne4 16. Bf4 Nxd2 17. Bxd2 fxg4 18. hxg4 Qf6 19. Qxf6 Bxf6 20. f4 Kh8 21. Kg2
Rg8 22. Kf3 Be7 23. Rae1 h5 24. Rh1 h4 25. g5 Kg7 26. Rxh4 Rh8 27. Reh1 Rxh4 28.
Rxh4 b5 29. a3 a5 30. Rh2 Kg6 31. Kg4 f5+ 32. Kf3 Bf8 33. Ke2 a4 34. Kd3 Ra8 35.
Kc2 Ra7 36. Kb1 Ra8 37. Ka2 Ra7 38. Bc1 Rc7 39. Rh3 Ra7 40. b3 Ra8 41. bxa4 Rxa4
42. Kb3 Rc4 43. Rh2 Ra4 44. Bb2 Ra5 45. Rh1 Ra4 46. Rb1 Be7 47. Bc1 Bf8 48. Ka2
Ra5 49. Rb3 Be7 50. Bd2 Ra4 51. Kb2 Bf8 52. Rxb5 Rxa3 53. Rb8 Be7 54. Rb6 Kf7
55. Rb7 Ra8 56. c4 Ke8 57. c5 Ra4 58. Bc3 Bxc5 59. dxc5 Rxf4 60. g6 Rg4 61. g7
f4 62. Rb8+ Kf7 63. g8=Q+ Rxg8 64. Rxg8 Kxg8 65. c6 f3 66. Be1 f2 67. Bxf2 1-0